000 00697nam a2200229 a 4500
999 _c2126
_d2126
001 2126
003 BD-JhCC
005 20171030093421.0
008 171030s1999 bg |||| ||a| 000 0 ben d
020 _a9845551912
035 _a(BD-JhCC)2126
040 _aBD-JhCC
_dBD-JhCC
041 _aben
082 _a891.4409
_bSAT 1999
100 _aসাত্তার, আবদুস্
245 _aনজরুল ও অধ্যাত্নবাদ /
_cআবদুস্ সাত্তার
260 _aঢাকা :
_bনজরুল ইন্সটিটিউট,
_c১৯৯৯.
300 _a52 p. :
_c22 cm.
650 _aBengali Literature
942 _2ddc
_cBK